000 01279nam0a2200325 4500
001 RU\NLR\bibl\493164
005 20260406071923.0
010 _a5-699-04707-7
_bЭксмо
010 _a5-7921-554-5
_bTF
_97000
021 _aRU
_b2003-67770
_93342
035 _a(NLR Aleph) 000485826
090 _a1082517
_c1082517
100 _a20040219d2003 |||y0rusy50 ca
101 1 _arus
_ceng
102 _aRU
105 _ay |||||||||
200 1 _aStar Wars. Выбор принцессы Лейи
_e[Фантаст. роман]
_fДэйв Волвертон
_g[Пер. с англ. К. Лиходедова]
210 _aМ.
_cЭксмо
_aСПб.
_cTerra Fantastica
_d2003
215 _a474, [1] с.
_d21
300 _aНа обороте тит.л. и в вып.дан. загл.: Звездные войны. Выбор принцессы Лейи
517 0 _aВыбор принцессы Лейи
517 0 _aЗвездные войны. Выбор принцессы Лейи
686 _aШ6(7США)67-445{Лх1979-62}
700 1 _4070
_8rus
_7ca
_aФарланд
_bД.
_f1957-
_gДэвид
_3RU\NLR\auth\7716901
_9126533
801 0 _aRU
_bNLR
_c20040219
_gPSBO
801 1 _aRU
_bNLR
_c20040219
942 _cBOOK
980 _aNB